Statistics for NCAA College Teams by State: Alabama

Click here to take the quiz!

General Stats

  • This quiz has been taken 50 times
    (37 since last reset)
  • The average score is 10 of 19

Answer Stats

% Correct
Division I-AAlabamaCrimson Tide
100%
Division I-AAuburnTigers
90%
Division I-AAAlabama StateHornets
83%
Division I-AUABBlazers
76%
Division I-AJacksonville StateGamecocks
72%
Division I-ASouth AlabamaJaguars
72%
Division I-AAAlabama A&MBulldogs
66%
Division I-AANorth AlabamaLions
66%
Division I-ATroyTrojans
66%
Division I-AASamfordBulldogs
48%
Division IIUAHChargers
38%
Division IIWest AlabamaTigers
38%
Division IIAUMWarhawks
31%
Division IIIBirmingham-SouthernPanthers
31%
Division IISpring HillBadgers
31%
Division IITuskegeeGolden Tigers
31%
Division IIMontevalloFalcons
28%
Division IIIHuntingdonHawks
24%
Division IIMilesGolden Bears
24%

Score Distribution

Percentile by Number Answered

Percent of People with Each Score

Your Score History

You have not taken this quiz since the last reset